| 000 | 00818nam a2200253 i 4500 | ||
|---|---|---|---|
| 001 | bg | ||
| 100 | 1 | _aCIBORSKA, Elżbieta | |
| 245 | 1 | 0 |
_aDziennikarze z władzą (nie zawsze) w parze / _cElżbieta Ciborska. |
| 260 |
_aWarszawa : _b"Elipsa", _c1998. |
||
| 300 |
_a422, [2] s. : _berr. ; _c24 cm. |
||
| 504 | _aBibliogr. | ||
| 610 | 2 | 9 |
_aPolska Partia Robotnicza _xczasopisma |
| 610 | 2 | 9 |
_aPolska Partia Socjalistyczna (1892-1948 r.) _xczasopisma |
| 610 | 2 | 9 |
_aPolska Zjednoczona Partia Robotnicza _xczasopisma |
| 650 | 9 |
_aCzasopisma polskie _xhistoria _y19-20 w. |
|
| 650 | 9 |
_aDziennikarze _xhistoria _zPolska _y19-20 w. |
|
| 020 | _a8371512724 | ||
| 040 | _cBPK | ||
| 041 | 0 | _apl | |
| 080 | _a050+070:329](438)"18/19" | ||
| 920 | _a83-7151-272-4 | ||
| 942 | _cKS | ||
| 008 | s pl f |000 0 pol | ||
| 999 |
_c36923 _d36923 |
||
| 856 |
_uhttp://koha.tu.koszalin.pl/cgi-bin/koha/opac-detail.pl?biblionumber=36923 _yKatalog online BPK |
||